[Event "Villa Ballester op 73rd"]
[Site "Buenos Aires"]
[Date "2024.01.20"]
[Round "3"]
[White "Moreno, Dario"]
[Black "Asprelli, Gaspar"]
[Result "0-1"]
[WhiteElo "1809"]
[BlackElo "2226"]
[PlyCount "92"]
[EventDate "2024.01.19"]
[EventType "swiss"]
[EventRounds "9"]
[EventCountry "ARG"]
[SourceTitle "CB06_2024"]
[SourceDate "2024.02.07"]
[SourceVersion "1"]
[SourceVersionDate "2024.02.07"]
[SourceQuality "1"]

1. e4 g6 2. d4 c5 3. d5 d6 4. c4 Bg7 5. Nc3 Nf6 6. Be2 0-0 7. Nf3 b5 8. cxb5 a6 9. 0-0 axb5 10. Bxb5 Ba6 11. Qe2 Bxb5 12. Nxb5 Nbd7 13. Bd2 Nb6 14. b3 Qd7 15. a4 Rfb8 16. Bc3 Nc8 17. Nd2 Na7 18. Nxa7 Qxa7 19. Rfb1 Nd7 20. Bxg7 Kxg7 21. Nc4 f6 22. h3 Rb4 23. Ra2 Rab8 24. Rab2 Nb6 25. Na3 Nd7 26. Nc4 Qa6 27. Kf1 Nb6 28. Nd2 Qxe2+ 29. Kxe2 Nxa4 30. Rc2 Nb6 31. Ra1 f5 32. f3 Rb7 33. Rca2 Kf6 34. Ra7 Rb8 35. Rc7 Nc8 36. Ra6 Ke5 37. Nc4+ Kf4 38. exf5 gxf5 39. Rac6 Nb6 40. Nxb6 R8xb6 41. Rxe7 Rxb3 42. Rxb6 Rxb6 43. Rxh7 Rb2+ 44. Kf1 Ke5 45. Rh5 c4 46. Rh4 c3 0-1

[Event "Buenos Aires Torre Blanca op"]
[Site "Buenos Aires"]
[Date "2022.02.14"]
[Round "4"]
[White "Moreno, Dario"]
[Black "Fiorito, Joaquin"]
[Result "0-1"]
[WhiteElo "1905"]
[BlackElo "2054"]
[PlyCount "70"]
[EventDate "2022.02.03"]
[EventType "swiss"]
[EventRounds "7"]
[EventCountry "ARG"]
[SourceTitle "EXT 2023"]
[Source "ChessBase"]
[SourceDate "2022.10.05"]
[SourceVersion "1"]
[SourceVersionDate "2022.10.05"]
[SourceQuality "1"]

1. e4 c6 2. Nc3 d5 3. Nf3 Bg4 4. d3 Bxf3 5. Qxf3 Nf6 6. e5 Nfd7 7. d4 e6 8. Qg3 Qb6 9. Ne2 c5 10. c3 Nc6 11. Nf4 cxd4 12. Nd3 Qc7 13. Bf4 dxc3 14. bxc3 Ne7 15. Rc1 Ng6 16. Be2 Ba3 17. Rc2 0-0 18. 0-0 Rac8 19. h4 Nxf4 20. Qxf4 Qa5 21. Rb1 Rc4 22. Qg3 Qc7 23. Rb3 Be7 24. Rcb2 b6 25. h5 Rxc3 26. h6 g6 27. f4 Rc8 28. Qh3 Rxb3 29. axb3 Qc3 30. Rb1 Qd4+ 31. Kh1 Rc2 32. Bf1 Nc5 33. Rd1 Ne4 34. Qf3 Bc5 35. Be2 Rxe2 0-1

[Event "ARG-ch Seniors 50"]
[Site "Buenos Aires"]
[Date "2021.12.11"]
[Round "7"]
[White "Moreno, Dario"]
[Black "Tornquist, Carlos"]
[Result "0-1"]
[WhiteElo "1849"]
[BlackElo "1859"]
[PlyCount "64"]
[EventDate "2021.12.08"]
[EventType "swiss"]
[EventRounds "7"]
[EventCountry "ARG"]
[SourceTitle "CBM 205 Extra"]
[Source "ChessBase"]
[SourceDate "2022.01.31"]
[SourceVersion "1"]
[SourceVersionDate "2022.01.31"]
[SourceQuality "1"]

1. e4 d5 2. exd5 Qxd5 3. Nc3 Qa5 4. d4 Nf6 5. Bd2 Qb6 6. Nf3 Bg4 7. Bc4 c6 8. Bxf7+ Kxf7 9. Ne5+ Kg8 10. Nxg4 Qxd4 11. Nxf6+ exf6 12. 0-0 Nd7 13. Qe2 Ne5 14. Rad1 Qc4 15. Qxc4+ Nxc4 16. Bc1 Nd6 17. Rfe1 Kf7 18. Bf4 Nc4 19. Rd7+ Kg6 20. Rxb7 Bc5 21. g4 h5 22. Na4 Bd4 23. Ree7 hxg4 24. Rxg7+ Kf5 25. Bg3 Rae8 26. Rbe7 Ne5 27. Bxe5 Rxe7 28. Rxe7 Bxe5 29. Rxa7 Bxh2+ 30. Kg2 Be5 31. Ra5 Rh2+ 32. Kg1 Rh3 0-1

[Event "ARG-ch Seniors 50/65"]
[Site "Torre Blanca"]
[Date "2018.10.22"]
[Round "6"]
[White "Chan, Daniel Roberto"]
[Black "Moreno, Dario"]
[Result "1-0"]
[WhiteElo "1811"]
[BlackElo "1842"]
[PlyCount "127"]
[EventDate "2018.10.19"]
[EventType "swiss"]
[EventRounds "7"]
[EventCountry "ARG"]
[SourceTitle "CBM 187 Extra"]
[Source "ChessBase"]
[SourceDate "2018.11.04"]
[SourceVersion "1"]
[SourceVersionDate "2018.11.04"]
[SourceQuality "1"]

1. d4 Nf6 2. Bf4 g6 3. e3 Bg7 4. Nf3 d6 5. h3 0-0 6. Be2 Nbd7 7. 0-0 c5 8. c3 b6 9. Nbd2 Bb7 10. a4 a6 11. Nc4 Qc7 12. Nfd2 Rfc8 13. Bf3 Bxf3 14. Qxf3 Qc6 15. Qxc6 Rxc6 16. Rfe1 Rac8 17. Na3 Nd5 18. Bh2 cxd4 19. exd4 Kf8 20. Re2 h6 21. Rae1 e5 22. dxe5 Nxe5 23. Rd1 g5 24. Ne4 Nf4 25. Bxf4 gxf4 26. Nxd6 Rd8 27. Red2 f3 28. Nf5 Re8 29. Rd6 fxg2 30. Kxg2 Rxd6 31. Rxd6 Rb8 32. f4 Ng6 33. Kf3 h5 34. Nc4 b5 35. axb5 axb5 36. Nb6 Kg8 37. Nd5 Re8 38. Rb6 Re6 39. Rxb5 Bf8 40. Rb8 Re1 41. b4 Rf1+ 42. Kg2 Rd1 43. Nf6+ Kh8 44. Nxh5 Rd2+ 45. Kg3 Rd3+ 46. Kg4 Rxc3 47. b5 Rc4 48. b6 Ne5+ 49. Kg3 Ng6 50. b7 Rb4 51. Nd6 Kg8 52. Rd8 Kh7 53. b8Q Rxb8 54. Rxb8 Bxd6 55. Rd8 Be7 56. Rd7 Kh6 57. f5 Bh4+ 58. Kh2 Kxh5 59. fxg6 Kxg6 60. Kg2 f5 61. Rd6+ Kh5 62. Rd7 Kg6 63. Ra7 Kh5 64. Rg7 1-0

[Event "ARG-ch Seniors 50/65"]
[Site "Torre Blanca"]
[Date "2018.10.20"]
[Round "3"]
[White "Moreno, Dario"]
[Black "Bulcourf, Carlos"]
[Result "0-1"]
[WhiteElo "1842"]
[BlackElo "1982"]
[PlyCount "61"]
[EventDate "2018.10.19"]
[EventType "swiss"]
[EventRounds "7"]
[EventCountry "ARG"]
[SourceTitle "CBM 187 Extra"]
[Source "ChessBase"]
[SourceDate "2018.11.04"]
[SourceVersion "1"]
[SourceVersionDate "2018.11.04"]
[SourceQuality "1"]

1. e4 Nf6 2. e5 Nd5 3. d4 d6 4. c4 Nb6 5. exd6 exd6 6. Nc3 Be7 7. Bd3 Nc6 8. Nge2 0-0 9. b3 f5 10. Be3 Bg5 11. f4 Bh4+ 12. g3 Bf6 13. 0-0 Re8 14. Bf2 Nb4 15. Bb1 Bd7 16. a3 Na6 17. Ra2 Qe7 18. Qd3 c5 19. d5 g6 20. Qf3 Qg7 21. Rd2 Nc7 22. a4 a5 23. Nd1 Na6 24. Ne3 h5 25. h3 Nb4 26. g4 fxg4 27. hxg4 Rxe3 28. Bxe3 Bxg4 29. Qg3 Re8 30. Nc1 Bc3 31. Rdd1 0-1

[Event "ARG-ch Seniors 50/65"]
[Site "Torre Blanca"]
[Date "2018.10.19"]
[Round "1"]
[White "Olivera, Horacio"]
[Black "Moreno, Dario"]
[Result "1-0"]
[WhiteElo "2091"]
[BlackElo "1842"]
[PlyCount "77"]
[EventDate "2018.10.19"]
[EventType "swiss"]
[EventRounds "7"]
[EventCountry "ARG"]
[SourceTitle "CBM 187 Extra"]
[Source "ChessBase"]
[SourceDate "2018.11.04"]
[SourceVersion "1"]
[SourceVersionDate "2018.11.04"]
[SourceQuality "1"]

1. d4 Nf6 2. c4 c5 3. d5 b5 4. f3 bxc4 5. e4 d6 6. Bxc4 g6 7. Nc3 Bg7 8. Nge2 0-0 9. Be3 Nbd7 10. Ng3 Ne5 11. Be2 Qb6 12. Rb1 Qa5 13. f4 Neg4 14. Bd2 h5 15. h3 Nh6 16. 0-0 Rb8 17. Re1 Ba6 18. Nf1 Bxe2 19. Qxe2 Qb6 20. Kh1 e6 21. dxe6 fxe6 22. Qc4 Rfe8 23. Qd3 Kh7 24. Nh2 Qc6 25. Nf3 Nf7 26. Nh4 e5 27. Qg3 Nh8 28. fxe5 dxe5 29. Bg5 Rb4 30. Bxf6 Bxf6 31. Nf3 Rb7 32. Nd5 Bg7 33. Ng5+ Kg8 34. Rf1 Nf7 35. Nxf7 Rxf7 36. Rxf7 Kxf7 37. Rf1+ Kg8 38. Nf6+ Kh8 39. Qxg6 1-0